<?xml version="1.0" encoding="UTF-8"?>
<collection xmlns="http://www.loc.gov/MARC21/slim">
  <record>
    <leader>00000nam  2200000   4500</leader>
    <controlfield tag="001">INLIS000000000015677</controlfield>
    <controlfield tag="005">20230804094307</controlfield>
    <datafield tag="035" ind1="#" ind2="#">
      <subfield code="a">0010-0823000003</subfield>
    </datafield>
    <controlfield tag="007">ta</controlfield>
    <controlfield tag="008">230804################e##########0#ind##</controlfield>
    <datafield tag="020" ind1="#" ind2="#">
      <subfield code="a">978-602-06-2117-3</subfield>
    </datafield>
    <datafield tag="082" ind1="#" ind2="#">
      <subfield code="a">658.8</subfield>
    </datafield>
    <datafield tag="084" ind1="#" ind2="#">
      <subfield code="a">658.8 KOT m</subfield>
    </datafield>
    <datafield tag="100" ind1=" " ind2="#">
      <subfield code="a">Kotler, Philip</subfield>
    </datafield>
    <datafield tag="245" ind1="1" ind2="#">
      <subfield code="a">Marketing 4.0 :</subfield>
      <subfield code="b">bergerak dari tradisional ke digital /</subfield>
      <subfield code="c">Philip Kotler, Hermawan Kartajaya dan Iwan Setiawan</subfield>
    </datafield>
    <datafield tag="260" ind1="#" ind2="#">
      <subfield code="a">Jakarta :</subfield>
      <subfield code="b">Gramedia Pustaka Utama,</subfield>
      <subfield code="c">2019</subfield>
    </datafield>
    <datafield tag="300" ind1="#" ind2="#">
      <subfield code="a">171 hlm :</subfield>
      <subfield code="b">ilus ;</subfield>
      <subfield code="c">23 cm</subfield>
    </datafield>
    <datafield tag="500" ind1="#" ind2="#">
      <subfield code="a">Pemasaran 4.0: Pindah dari Tradisional ke Digital adalah buku pegangan yang sangat dibutuhkan untuk pemasaran generasi mendatang. Ditulis oleh otoritas pemasaran terkemuka di dunia, buku ini membantu Anda menavigasi dunia yang semakin terhubung dan mengubah lanskap konsumen untuk menjangkau lebih banyak pelanggan, lebih efektif. Pelanggan hari ini memiliki lebih sedikit waktu dan perhatian untuk mencurahkan merek Anda — dan mereka dikelilingi oleh berbagai alternatif di setiap langkahnya. Anda perlu berdiri, mendapatkan perhatian mereka, dan menyampaikan pesan yang ingin mereka dengar. Buku ini mengkaji dinamika kekuasaan pergeseran pasar, paradoks yang dikerjakan oleh konektivitas, dan meningkatnya kerusakan subkultur yang akan membentuk konsumen masa depan; yayasan ini menunjukkan mengapa Pemasaran 4.0 menjadi penting untuk produktivitas, dan buku ini menunjukkan kepada Anda bagaimana menerapkannya pada merek Anda hari ini. Pemasaran 4.0 memanfaatkan suasana hati konsumen yang berubah untuk menjangkau lebih banyak pelanggan dan melibatkan mereka lebih sepenuhnya daripada sebelumnya. Eksploitasi perubahan yang menghambat pendekatan tradisional, dan menjadikannya bagian integral dari metodologi Anda. Buku ini memberi Anda wawasan kelas dunia yang Anda perlukan untuk mewujudkannya.</subfield>
    </datafield>
    <datafield tag="650" ind1="#" ind2="4">
      <subfield code="a">pemasaran, marketing</subfield>
    </datafield>
    <datafield tag="700" ind1=" " ind2="#">
      <subfield code="a">Hermawan Kartajaya, Iwan Setiawan</subfield>
    </datafield>
    <datafield tag="990" ind1="#" ind2="#">
      <subfield code="a">210919598</subfield>
    </datafield>
    <datafield tag="990" ind1="#" ind2="#">
      <subfield code="a">210919599</subfield>
    </datafield>
    <datafield tag="990" ind1="#" ind2="#">
      <subfield code="a">210919600</subfield>
    </datafield>
  </record>
</collection>
